MARC details
| 000 -LEADER |
| fixed length control field |
03142nam a22004092u 4500 |
| 001 - CONTROL NUMBER |
| control field |
17886 |
| 003 - CONTROL NUMBER IDENTIFIER |
| rucl marc code |
BD-RjUL |
| 005 - DATE AND TIME OF LATEST TRANSACTION |
| control field |
20211209000216.0 |
| 008 - FIXED-LENGTH DATA ELEMENTS--GENERAL INFORMATION |
| fixed length control field |
140219s1983 xxu ||| b ||| | eng d |
| 035 ## - SYSTEM CONTROL NUMBER |
| System control number |
(BD-RjUL)17944 |
| 040 ## - CATALOGING SOURCE |
| Original cataloging agency |
ericd |
| Language of cataloging |
eng |
| Transcribing agency |
ericd |
| Modifying agency |
MvI |
| -- |
BD-RjUL |
| 041 ## - LANGUAGE CODE |
| Language code of text/sound track or separate title |
eng |
| 082 ## - DEWEY DECIMAL CLASSIFICATION NUMBER |
| Classification number |
808.02 |
| Author mark and year |
BOH 1983 |
| 091 ## - MICROFILM SHELF LOCATION (AM) [OBSOLETE] |
| Microfilm shelf location |
mfm |
| 100 1# - MAIN ENTRY--PERSONAL NAME |
| Personal name |
Bode, Carl. |
| 9 (RLIN) |
55155 |
| 245 10 - TITLE STATEMENT |
| Title |
Highlights of American Literature / |
| Statement of responsibility, etc. |
Carl Bode. |
| 260 ## - PUBLICATION, DISTRIBUTION, ETC. (IMPRINT) |
| Place of publication, distribution, etc. |
Washington : |
| Name of publisher, distributor, etc. |
U.S. Information Agency, |
| Date of publication, distribution, etc. |
1983 |
| 300 ## - PHYSICAL DESCRIPTION |
| Pagination |
288 p. ; |
| Size |
26 cm. |
| 500 ## - GENERAL NOTE |
| General note |
ERIC Note: "First published 1981; this edition reprinted 1995.". |
| 520 ## - SUMMARY, ETC. |
| Summary, etc. |
Intended for high-intermediate/advanced level students of English as a foreign language, this book contains selections from the wide range of American literature, from its beginnings to the modern period. Each section begins with a general introduction to the literary period, and then presents essays about individual authors, selections from the author's writings, discussion questions at the end of each prose selection or group of poems, and discussion questions at the end of each chapter. The "National Beginnings" section discusses Benjamin Franklin, Washington Irving, James Fenimore Cooper, Philip Freneau, William Cullen Bryant, Edgar Allan Poe, and Nathaniel Hawthorne. The "Romanticism and Reason" section discusses Ralph Waldo Emerson, Henry David Thoreau, Herman Melville, Henry Wadsworth Longfellow, Walt Whitman, Emily Dickinson, Mark Twain, Stephen Crane, and Henry James. "The American Short Story: 19th Century Developments" section discusses Ambrose Bierce, Stephen Crane, Edgar Allan Poe, and Frank R. Stockton. The "Realism and Reaction" section discusses Theodore Dreiser, Edwin Arlington Robinson, Carl Sandburg, Sinclair Lewis, Henry L. Mencken, F. Scott Fitzgerald, and John Steinbeck. The "Modern Voices in Prose and Poetry" section discusses Ernest Hemingway, William Faulkner, Robert Frost, Archibald Macleish, William Carlos Williams, Langston Hughes, Katherine Ann Porter, Saul Bellow, Ralph Ellison, Robert Lowell, Theodore Roethke, Randall Jarrell, and James Wright. The "Modern American Drama" section presents two short plays: "Return to Dust" (George Bamber) and "The Other Player" (Owen G. Arno). Suggestions to the teacher conclude the book. (RS) |
| 650 17 - SUBJECT ADDED ENTRY--TOPICAL TERM |
| Topical term or geographic name as entry element |
Authors. |
| Source of heading or term |
ericd |
| 9 (RLIN) |
55200 |
|
| Topical term or geographic name as entry element |
Discussion (Teaching Technique) |
| Source of heading or term |
ericd |
| 9 (RLIN) |
55157 |
|
| Topical term or geographic name as entry element |
English (Second Language) |
| Source of heading or term |
ericd |
| 9 (RLIN) |
30631 |
|
| Topical term or geographic name as entry element |
Literary History. |
| Source of heading or term |
ericd |
| 9 (RLIN) |
55158 |
|
| Topical term or geographic name as entry element |
Literary Styles. |
| Source of heading or term |
ericd |
| 9 (RLIN) |
55159 |
|
| Topical term or geographic name as entry element |
Novels. |
| Source of heading or term |
ericd |
| 9 (RLIN) |
55160 |
|
| Topical term or geographic name as entry element |
Poetry. |
| Source of heading or term |
ericd |
| 9 (RLIN) |
55201 |
|
| Topical term or geographic name as entry element |
Questioning Techniques. |
| Source of heading or term |
ericd |
| 9 (RLIN) |
55162 |
|
| Topical term or geographic name as entry element |
Reading Materials. |
| Source of heading or term |
ericd |
| 9 (RLIN) |
55163 |
|
| Topical term or geographic name as entry element |
Secondary Education. |
| Source of heading or term |
ericd |
| 9 (RLIN) |
55164 |
|
| Topical term or geographic name as entry element |
United States Literature. |
| Source of heading or term |
ericd |
| 9 (RLIN) |
55165 |
| 653 0# - INDEX TERM--UNCONTROLLED |
| Uncontrolled term |
Historical Background |
| 710 2# - ADDED ENTRY--CORPORATE NAME |
| Corporate name or jurisdiction name as entry element |
United States Information Agency, Washington, DC. Bureau of Educational and Cultural Affairs. |
| 9 (RLIN) |
55167 |
| 942 ## - ADDED ENTRY ELEMENTS (KOHA) |
| Source of classification or shelving scheme |
Dewey Decimal Classification |
| Koha item type |
Books |